Ο Κ.Π. Καβάφης και η λογοτεχνία της παρακμής : μορφές, θέματα, μοτίβα

Αποθηκεύτηκε σε:
Λεπτομέρειες βιβλιογραφικής εγγραφής
Κύριος συγγραφέας: Βασιλειάδη, Μάρθα
Άλλοι συγγραφείς: Καραβία, Τιτίκα (trlf), Lavagnini, Renata (Συγγραφέας εισαγωγής κ.λπ.)
Μορφή: Βιβλίο
Γλώσσα:Greek
French
Δημοσίευση: Αθήνα : Gutenberg, 2018.
Θέματα:
Ετικέτες: Προσθήκη ετικέτας
Δεν υπάρχουν, Καταχωρήστε ετικέτα πρώτοι!

MARC

LEADER 00000nam a2200000 a 4500
001 1/119186
008 190614s2018####gr | ||| |||| ||gre||
020 |a 9789600119268  
040 |a GR-MyUa  |b gre  |c GR-MyUa  |e AACR2 
041 1 |a gre  |h fre 
082 7 |a 889.132   |2 (23) 
100 1 |a Βασιλειάδη, Μάρθα. 
245 1 2 |a Ο Κ.Π. Καβάφης και η λογοτεχνία της παρακμής :   |b μορφές, θέματα, μοτίβα /   |c Μάρθα Βασιλειάδη ; μετάφραση από τα γαλλικά: Τιτίκα Καραβία ; πρόλογος: Renata Lavagnini.  
260 |a Αθήνα :   |b Gutenberg,   |c 2018.  
300 |a 307 σ. ;   |c 25 εκ.  
500 |a Τίτλος πρωτοτύπου: Les fastes de la decadence chez Constantin Cavafy.  
504 |a Περιλαμβάνει βιβλιογραφικές παραπομπές.  
600 1 0 |a Καβάφης, Κωνσταντίνος Π.,   |d 1863-1933  |x Criticism and interpretation. 
650 0 |a Greek poetry, Modern  |y 19th century  |x History and criticism. 
650 0 |a Greek poetry, Modern  |y 20th century  |x History and criticism. 
700 1 |a Καραβία, Τιτίκα,  |e trlf 
700 1 |a Lavagnini, Renata,  |e aui 
852 |a INST  |b RHODES  |c EUDOXUS  |e 20190614  |h 889.132 ΒΑΣ  |p 005400040912  |q 005400040912  |t EDX  |y 0 
920 |a Εύδοξος  |b Παραγγελία  |y Ρόδος-ΠΤΔΕ  |z 2019-05 
970 |a Μαρία  |b Κωτάκου  |z 14-06-2019